Statistics for Movies by Picture #2

Click here to take the quiz!

General Stats

  • This quiz has been taken 2,122 times
  • The average score is 10 of 12

Answer Stats

Answer% Correct
Cars
98%
Ghostbusters
97%
The Lion King
96%
Kung Fu Panda
95%
Star Wars
95%
King Kong
92%
Pinocchio
90%
Back to the Future
88%
Shrek
82%
The Simpsons Movie
81%
James Bond
61%
The Fast and The Furious
59%

Score Distribution

Percentile by Number Answered

Percent of People with Each Score

Your Score History

You have not taken this quiz